Statistics for Least Guessed North American Countries on JetPunk

Click here to take the quiz!

General Stats

  • This quiz has been taken 99 times
  • The average score is 10 of 11

Answer Stats

% GuessedCountry% Correct
66%Saint Kitts and Nevis
96%
67%Saint Lucia
96%
74%Barbados
92%
60%Saint Vincent and the Grenadines
92%
78%El Salvador
91%
80%Nicaragua
91%
69%Antigua and Barbuda
90%
79%Belize
90%
61%Grenada
90%
73%Trinidad and Tobago
89%
79%Guatemala
81%

Score Distribution

Percentile by Number Answered

Percent of People with Each Score

Your Score History

You have not taken this quiz